Capitales des territoires particuliers - Statistiques

Statistiques générales
  • Ce quiz a été pris 158 fois
  • Le résultat moyen est 17 sur 45
Statistiques - réponses
Territoire Capitale % Correct
Écosse Édimbourg
77%
Irlande du Nord Belfast
75%
La Réunion Saint-Denis
73%
Polynésie française Papeete
66%
Pays de Galles Cardiff
65%
Martinique Fort-de-France
65%
Groenland Nuuk
64%
Nouvelle-Calédonie Nouméa
62%
Mayotte Mamoudzou
58%
Saint-Pierre-et-Miquelon Saint-Pierre
57%
Porto Rico San Juan
56%
Palestine Ramallah
47%
Niue Alofi
44%
Aruba Oranjestad
43%
Île Norfolk Kingston
39%
Curaçao Willemstad
39%
Bermudes Hamilton
38%
Île de Man Douglas
36%
Îles Cook Avarua
34%
Jersey Saint-Hélier
34%
Îles Caïmans George Town
31%
Samoa américaines Pago Pago
31%
Anguilla The Valley
31%
Îles Pitcairn Adamstown
30%
Montserrat Plymouth
29%
Îles Malouines Port Stanley
29%
Îles Féroé Tórshavn
29%
Guam Hagåtña
27%
Åland Mariehamn
27%
Guernesey Saint-Pierre-Port
27%
Îles Turques-et-Caïques Cockburn Town
26%
Bonaire Kralendijk
26%
Île Christmas Flying Fish Cove
25%
Saint-Martin (Antilles françaises) Marigot
25%
Îles Vierges britanniques Road Town
25%
Îles Vierges des États-Unis Charlotte-Amélie
23%
Wallis-et-Futuna Mata Utu
23%
Îles Mariannes du Nord Saipan
23%
Saint-Barthélémy Gustavia
22%
Sainte-Hélène Jamestown
22%
Îles Cocos West Island
19%
Île de Pâques Hanga Roa
18%
Saint-Martin (Royaume des Pays-Bas) Philipsburg
17%
Saba The Bottom
17%
Tristan da Cunha Édimbourg-des-Sept-Mers
12%
Aucun quiz correspondant
Distribution des résultats
% des personnes avec chaque résultat
Percentile par nombre de réponses
Votre historique - résultats
Vous n’avez pas pris ce quiz